[Event "PER-ch"]
[Site "Lima"]
[Date "2017.03.01"]
[Round "1"]
[White "Flores Tomasto, Luis"]
[Black "Guillen Vilca, John"]
[Result "1-0"]
[WhiteElo "1974"]
[BlackElo "1363"]
[PlyCount "58"]
[EventDate "2017.03.01"]
[EventType "swiss"]
[EventRounds "9"]
[EventCountry "PER"]
[SourceTitle "CBM 177 Extra"]
[Source "ChessBase"]
[SourceDate "2017.04.27"]
[SourceVersion "1"]
[SourceVersionDate "2017.04.27"]
[SourceQuality "1"]

1. e4 c5 2. Nf3 d6 3. d4 cxd4 4. Nxd4 Nf6 5. Nc3 g6 6. Be3 Bg7 7. f3 0-0 8. Qd2 Nc6 9. 0-0-0 Bd7 10. g4 a6 11. h4 h5 12. g5 Ne8 13. f4 Nxd4 14. Bxd4 Bxd4 15. Qxd4 Bg4 16. Be2 Bxe2 17. Nxe2 Qa5 18. Kb1 Nc7 19. Rhf1 Ne6 20. Qe3 Rad8 21. f5 Nc5 22. Nf4 Qb5 23. Rf3 Kh7 24. Rdf1 Rg8 25. Nd5 Na4 26. b3 Rd7 27. fxg6+ fxg6 28. Rf7+ Rg7 29. Qd4 e5 1-0

[Event "Lima Palma Memorial 2nd"]
[Site "Lima"]
[Date "2016.09.18"]
[Round "5.17"]
[White "Zelaya Contreras, Fatima"]
[Black "Guillen Vilca, John"]
[Result "1-0"]
[WhiteElo "1314"]
[BlackElo "1403"]
[PlyCount "73"]
[EventDate "2016.09.09"]
[EventType "swiss"]
[EventRounds "7"]
[EventCountry "PER"]
[SourceTitle "EXT 2024"]
[Source "ChessBase"]
[SourceDate "2023.10.10"]
[SourceVersion "1"]
[SourceVersionDate "2023.10.10"]
[SourceQuality "1"]

1. d4 d5 2. Nf3 Nf6 3. e3 Bg4 4. Nbd2 h6 5. b3 e6 6. Bb2 a6 7. c4 c6 8. a3 Nbd7 9. Bd3 Bd6 10. Qc2 Rc8 11. c5 Be7 12. 0-0 Qc7 13. b4 0-0 14. Ne5 Nxe5 15. dxe5 Nd7 16. f3 Bf5 17. Bxf5 exf5 18. Qxf5 Rce8 19. f4 Bd8 20. Nf3 b6 21. Bd4 bxc5 22. bxc5 Qa7 23. Rac1 Re6 24. Qc2 Bc7 25. Rfd1 f6 26. f5 Ree8 27. e6 Ne5 28. Qe2 Nxf3+ 29. Qxf3 Qb8 30. g3 Re7 31. Rb1 Qa7 32. e4 Rd8 33. exd5 Rxd5 34. Bf2 Qa8 35. Rxd5 cxd5 36. Rd1 Qe8 37. Qxd5 1-0

[Event "Lima Palma Memorial 2nd"]
[Site "Lima"]
[Date "2016.09.09"]
[Round "1.9"]
[White "Beyer Lecaros, Alfredo Jose"]
[Black "Guillen Vilca, John"]
[Result "1-0"]
[WhiteElo "1782"]
[BlackElo "1403"]
[PlyCount "48"]
[EventDate "2016.09.09"]
[EventType "swiss"]
[EventRounds "7"]
[EventCountry "PER"]
[SourceTitle "EXT 2024"]
[Source "ChessBase"]
[SourceDate "2023.10.10"]
[SourceVersion "1"]
[SourceVersionDate "2023.10.10"]
[SourceQuality "1"]

1. e4 c5 2. Nc3 d6 3. f4 Nc6 4. Nf3 g6 5. Bb5 Bd7 6. 0-0 Bg7 7. d3 Nd4 8. Bxd7+ Qxd7 9. Nxd4 Bxd4+ 10. Kh1 Bg7 11. Qf3 e6 12. f5 Bxc3 13. bxc3 Ne7 14. fxg6 Nxg6 15. Bg5 h6 16. Bf6 Rh7 17. d4 cxd4 18. cxd4 Ne7 19. c4 Rc8 20. Rac1 b6 21. Rfd1 Qa4 22. Qb3 Qxb3 23. axb3 Kd7 24. c5 d5 1-0

[Event "Santiago del Surco IRT Ricardo Palma"]
[Site "Santiago del Surco"]
[Date "2016.07.18"]
[Round "1.5"]
[White "Reynaga, Roland"]
[Black "Guillen Vilca, John"]
[Result "1-0"]
[WhiteElo "1650"]
[BlackElo "1432"]
[PlyCount "73"]
[EventDate "2016.07.18"]
[EventType "swiss"]
[EventRounds "7"]
[EventCountry "PER"]
[SourceTitle "EXT 2024"]
[Source "ChessBase"]
[SourceDate "2023.10.10"]
[SourceVersion "1"]
[SourceVersionDate "2023.10.10"]
[SourceQuality "1"]

1. Nf3 Nc6 2. d4 d5 3. c4 e6 4. Nc3 Nf6 5. Bg5 Be7 6. e3 0-0 7. Be2 Bd7 8. 0-0 Be8 9. Rc1 a6 10. a3 Nh5 11. Bxe7 Nxe7 12. Ne5 Nf6 13. c5 Nc6 14. f4 b6 15. b4 Nxe5 16. fxe5 Nd7 17. e4 c6 18. Bf3 b5 19. Qb3 Kh8 20. exd5 exd5 21. Nxd5 cxd5 22. Qxd5 Rc8 23. Qd6 Rg8 24. d5 Nb8 25. Qxd8 Rxd8 26. c6 Rc8 27. Rc5 Bxc6 28. dxc6 Rge8 29. Rd1 Rc7 30. a4 bxa4 31. Ra1 Rec8 32. Rxa4 g6 33. Ra1 Nxc6 34. Rac1 Nxe5 35. Rxc7 Nxf3+ 36. gxf3 Rb8 37. Rc8+ 1-0